Datum a čas kvízu

34 Celkem bodů Celkový počet nahraných bodů na tomto kvízu bez doplňovacích otázek.
6. Pořadí na kvízu Konečné umístění týmu na tomto kvízu.

Zaznamenané odpovědi

# Otázka Odpověď Body Výsledky
1. Čtveřice samců kriticky ohrože... C) sudokopytníci 0
2. Banksy minulý týden nainstalov... vlajku/prapor 1
3. Minulý týden jsme se dozvěděli... Django; Zorro 1
4. Americký prezident Donald Trum... (skotskou) whisky 1
5. Hokejisté klubu Dynamo Pardubi... Roman Červenka 1
6. Ve filmu Sedm sledujeme detekt... závist (J. Doe), hněv (detektiv Mills) 0.5
7. Tato fotka je známým interneto... Americké psycho 0
8. Postava Karla Kopfrkingla je p... chrám smrti 1
9. Přiřaďte zločince k jejich fil... 1B 2A 3D 4C 1
10. Mladý syn se poprvé přímo zapo... Kmotr, Mario Puzo 0.5